Statystyki dla Quiz o MZK Zielona Góra

Kliknij tutaj aby rozwiązać quiz!

Ogólne statystyki

  • Ten quiz został rozwiązany 5 razy
  • Średni wynik to 9 z 15

Statystyki odpowiedzi

PytanieOdpowiedź% Poprawnych
Ile jest linii szkolnych?2
100%
Ile jest linii nocnych?3
100%
Jaka jest najpopularniejsza linia w mieście?8
100%
Na jakiej ulicy znajduje się Zajezdnia?Chemiczna
100%
Jaka jest najmłodsza linia w mieście?101
75%
Ile jest linii zwykłych?22
75%
Jaką gminę poza zieloną górą obsługują autobusy?Zabór
75%
Która linia kończy trasę na najnowszej pętli?19
50%
Jaka jest najdłuższa linia?27
50%
Ile autobusów stoi na Zajezdni w Zielonej Górze?86
25%
Kiedy utworzono MZK Zielona Góra?Czerwiec 1954
25%
Jakie autobusy aktualnie są najstarsze?Mercedes-Benz Conecto LF
25%
Jakie autobusy aktualnie są najnowsze?Mercedes-Benz eCitaro G
25%
Jaka jest najkrótsza linia?N1
25%
Jakie były pierwsze autobusy?Star-51
25%

Rozkład punktacji

Percentyl według liczby udzielonych odpowiedzi

Procent ludzi z każdym wynikiem

Twoja historia wyników

Nie rozwiązałeś tego quizu